Quiz spécial joueur : Zidane - Statistiques

Statistiques générales
  • Ce quiz a été pris 336 fois
  • Le résultat moyen est 14 sur 20
Statistiques - réponses
Question Réponse % Correct
Ville de naissance de Zidane Marseille
96%
Club avec lequel il a inscrit le plus de buts Real Madrid
95%
Année où il reçoit le ballon d'or 1998
93%
Club formateur de Zidane AS Cannes
91%
Nombre de Ligue des Champions consécutives remportées au Real Madrid en tant qu'entraineur 3
90%
Pays d'origine de Zidane Algérie
89%
Numéro de maillot le plus porté par Zidane en Equipe de France 10
88%
Gardien contre lequel Zidane a marqué une Panenka lors de la finale de la Coupe du Monde 2006 Gianluigi Buffon
88%
Equipe avec laquelle il remporte 2 championnats d'Italie en 1997 et 1998 Juventus Turin
86%
Joueur célèbre pour avoir reçu un coup de tête de Zidane en finale de Coupe du Monde Marco Materazzi
84%
Equipe contre laquelle il inscrit une reprise de volée mémorable lors de la finale de la Ligue des Champions 2001-2002 Bayer Leverkusen
79%
Surnom de l'équipe du Real Madrid dans laquelle évoluait Zidane aux côtés de stars comme Beckham ou Figo Les Galactiques
75%
Meilleur ami de Zidane lorqu'il évoluait à Bordeaux mais aussi en Equipe de France Christophe Dugarry
69%
Montant de son transfert au Real Madrid, record pour l'époque (en millions) 75
64%
Nombre de sélections de Zidane en Equipe de France 108
53%
Premier titre remporté par Zidane avec Bordeaux en 1995 Coupe Intertoto
41%
Première sélection contre laquelle Zidane marque avec l'Equipe de France République tchèque
38%
Entraineur de Zidane à Bordeaux auteur de son surnom "Zizou" Rolland Courbis
38%
Joueur à qui Zidane a mit un coup de poing lorsqu'il jouait à Bordeaux Marcel Desailly
23%
Sélection contre laquelle Zidane a raté le seul pénalty de sa carrière en 2006 Chine
16%
Aucun quiz correspondant
Distribution des résultats
% des personnes avec chaque résultat
Percentile par nombre de réponses
Votre historique - résultats
Vous n’avez pas pris ce quiz